Bodies of Water A-Z - Statistics

General Stats
  • This quiz has been taken 6,328 times
    6,325 since last reset
  • The average score is 15 of 21
Answer Stats
Letter Hint Answer % Correct
N World's Longest River Nile
94%
L Scottish lake, famous for its monster Loch Ness
88%
T River that flows through London Thames
86%
D River that flows through Budapest Danube
85%
E One of the Great Lakes Erie
85%
P Gulf between Saudi Arabia and Iran Persian
85%
V Largest lake in Africa Victoria
85%
A Sea between Italy and the Balkans Adriatic
84%
R Sea between Sudan and Saudi Arabia Red
84%
B Sea between Russia and Alaska Bering
83%
M Sea between Africa and Europe Mediterranean
83%
O One of the Great Lakes Ontario
81%
H Bay between Quebec and Nunavut Hudson
77%
C Largest Lake in the World Caspian
71%
Y Longest River in Asia Yangtze
70%
J Sea between Java and Borneo Java
63%
S Largest Freshwater Lake Superior
60%
I Sea between South Italy and Greece Ionian
52%
G Largest Lake entirely in Canada Great Bear
36%
K Strait South of the Sea of Japan Korea
34%
F Sea between Sulawesi and Timor Flores
16%
No matching quizzes found
Score Distribution
Percent of People with Each Score
Percentile by Number Answered
Your Score History
You have not taken this quiz since the last reset